| 000 | 00403nam a2200145Ia 4500 | ||
|---|---|---|---|
| 008 | 210210b1987 xxu||||| |||| 00| 0 eng d | ||
| 082 | _a025.435 RANC | ||
| 100 | _aRANGANATHAN (S R). | ||
| 245 | _aColon classification. | ||
| 260 |
_aBangalore _bSarada Ranganathan Endowment for Library Science _c1987 |
||
| 300 | _a332 | ||
| 650 | _aColon Classification | ||
| 690 | _aLibrary Science | ||
| 906 | _a040653 | ||
| 999 |
_c90571 _d90571 |
||